[Event "CCT Play-in Chessable Masters 2024"]
[Site "Online"]
[Date "2024.01.31"]
[Round "5"]
[White "Matlakov, Maxim"]
[Black "SpeedofLight0"]
[Result "1/2-1/2"]
[WhiteElo "2662"]
[BlackElo "2483"]
[Annotator "RC"]
[PlyCount "202"]
[EventDate "2024.01.26"]
[EventType "swiss"]
[EventCountry "NET"]
[SourceTitle "playchess.com"]
[Source "ChessBase"]
[SourceQuality "1"]

1. d4 d5 2. c4 e6 3. Nf3 Nf6 4. g3 Be7 5. Bg2 O-O 6. O-O dxc4 7. Qc2 a6 8. a4 Bd7 9. Qxc4 Bc6 10. Bg5 Nbd7 11. Nc3 a5 12. Rfe1 Bb4 13. Ne5 Bxg2 14. Kxg2 Nb6 15. Qd3 h6 16. Bxf6 Qxf6 17. Red1 Rfd8 18. Ne4 Qe7 19. Qf3 Bd6 20. Nd3 Nd5 21. Rac1 Qe8 22. b3 c6 23. Nxd6 Rxd6 24. Ne5 Nb4 25. e3 Rd5 26. e4 Rdd8 27. Rd2 Qe7 28. h4 Rac8 29. Rcd1 Qc7 30. Qh5 b6 31. Nc4 Rb8 32. Qe5 Qe7 33. d5 cxd5 34. exd5 Nxd5 35. Rxd5 Qb7 36. Nd6 Qa8 37. Nf5 exf5 38. Qxf5 Qc6 39. Kh2 Rxd5 40. Rxd5 Re8 41. Qd3 Qf6 42. Kg2 Qc6 43. Qf3 Qe6 44. h5 Qe4 45. Rd6 Qb4 46. Rd7 Rf8 47. Qd5 Qc3 48. Rd6 Qb4 49. Rc6 Re8 50. Rd6 Rf8 51. Rd7 Qc3 52. Rb7 Qb4 53. Qf3 Qd4 54. Qf5 Qd6 55. Kh2 Qc6 56. Ra7 Qd6 57. Rd7 Qb4 58. Kg2 Qxb3 59. Rd4 Re8 60. Rg4 Qe6 61. Qxe6 Rxe6 62. Rc4 Re5 63. g4 b5 64. Rc8+ Kh7 65. axb5 Rxb5 66. Ra8 g6 67. hxg6+ Kxg6 68. Kg3 h5 69. Ra6+ Kg7 70. f4 hxg4 71. Kxg4 f6 72. f5 Kf7 73. Ra7+ Ke8 74. Ra6 Ke7 75. Ra7+ Kf8 76. Ra6 Kg7 77. Ra7+ Kh6 78. Ra6 Rb4+ 79. Kf3 Rb3+ 80. Kg4 Rb4+ 81. Kf3 Kg5 82. Rxa5 Rf4+ 83. Kg3 Rf1 84. Rb5 Rg1+ 85. Kf2 Rg4 86. Kf3 Rf4+ 87. Kg3 Rd4 88. Ra5 Rd7 89. Kf3 Re7 90. Rb5 Re5 91. Rxe5 fxe5 92. Ke4 Kf6 93. Ke3 Kxf5 94. Kf3 e4+ 95. Ke3 Ke5 96. Ke2 Kd4 97. Kd2 e3+ 98. Ke2 Ke4 99. Ke1 Kd3 100. Kd1 e2+ 101. Ke1 Ke3 1/2-1/2

[Event "CCT Play-in Chessable Masters 2024"]
[Site "Online"]
[Date "2024.01.31"]
[Round "5"]
[White "Bartel, Mateusz"]
[Black "Fernandez, Daniel"]
[Result "1-0"]
[WhiteElo "2657"]
[BlackElo "2424"]
[Annotator "RC"]
[PlyCount "45"]
[EventDate "2024.01.26"]
[EventType "swiss"]
[EventCountry "NET"]
[SourceTitle "playchess.com"]
[Source "ChessBase"]
[SourceQuality "1"]

1. e4 e5 2. Nf3 Nc6 3. Bb5 a6 4. Ba4 Nf6 5. Nc3 b5 6. Bb3 Bc5 7. Nd5 d6 8. c3 Ba7 9. d3 h6 10. Nxf6+ Qxf6 11. Bd5 Bd7 12. a4 O-O 13. O-O Bb6 14. b4 Rae8 15. a5 Ba7 16. Be3 Bxe3 17. fxe3 Qd8 18. Ra2 Kh8 19. Raf2 f5 20. exf5 Rxf5 21. e4 Rf4 22. g3 Rg4 23. Bxc6 1-0

[Event "CCT Play-in Chessable Masters 2024"]
[Site "Online"]
[Date "2024.01.31"]
[Round "5"]
[White "MashaPutina"]
[Black "kpio91"]
[Result "1/2-1/2"]
[WhiteElo "2656"]
[BlackElo "2395"]
[Annotator "NA"]
[PlyCount "72"]
[EventDate "2024.01.26"]
[EventType "swiss"]
[EventCountry "NET"]
[SourceTitle "playchess.com"]
[Source "ChessBase"]
[SourceQuality "1"]

1. d4 Nf6 2. c4 e6 3. Nf3 d5 4. Nc3 Bb4 5. Qa4+ Nc6 6. e3 O-O 7. Qc2 Re8 8. a3 Bf8 9. Bd2 e5 10. dxe5 Nxe5 11. cxd5 Nxf3+ 12. gxf3 Nxd5 13. h4 c6 14. O-O-O Be6 15. Bd3 h6 16. e4 Nxc3 17. Bxc3 Qc7 18. e5 Rad8 19. f4 Qb6 20. Qe2 Qb3 21. f5 Bd5 22. Rhg1 Bxa3 23. Qc2 Qxc2+ 24. Kxc2 Bf8 25. f6 g6 26. h5 g5 27. f4 Bc5 28. fxg5 Bxg1 29. Rxg1 hxg5 30. Rxg5+ Kh8 31. Rg7 Be6 32. Be4 a5 33. Rh7+ Kg8 34. Rg7+ Kh8 35. Rh7+ Kg8 36. Rg7+ Kh8 1/2-1/2

[Event "CCT Play-in Chessable Masters 2024"]
[Site "Online"]
[Date "2024.01.31"]
[Round "5"]
[White "Bluebaum, Matthias"]
[Black "Samunenkov, Ihor"]
[Result "1-0"]
[WhiteElo "2655"]
[BlackElo "2533"]
[Annotator "TA"]
[PlyCount "113"]
[EventDate "2024.01.26"]
[EventType "swiss"]
[EventCountry "NET"]
[SourceTitle "playchess.com"]
[Source "ChessBase"]
[SourceQuality "1"]

1. d4 d5 2. c4 e6 3. Nc3 a6 4. e4 dxe4 5. Nxe4 Bb4+ 6. Nc3 c5 7. a3 Ba5 8. Nf3 Nf6 9. Be3 Nc6 10. Rc1 cxd4 11. Nxd4 O-O 12. b4 Nxd4 13. Qxd4 Bc7 14. Be2 Qxd4 15. Bxd4 Rd8 16. Be3 Bd7 17. Bf3 Bc6 18. Bxc6 bxc6 19. Ke2 Ng4 20. Ne4 Ne5 21. h3 Nd3 22. Rc3 Ne5 23. f4 Ng6 24. g3 f5 25. Nc5 e5 26. Ne6 Rd7 27. Rd1 Re7 28. Nxc7 Rxc7 29. fxe5 Nxe5 30. Bf4 Re8 31. Re3 Rce7 32. Bxe5 Rxe5 33. Rxe5 Rxe5+ 34. Kf3 Re4 35. c5 a5 36. bxa5 Ra4 37. Rd6 g5 38. Rxc6 Rxa5 39. Ke3 Rxa3+ 40. Kd4 Kf7 41. Rh6 Rxg3 42. c6 Rg1 43. Ke5 f4 44. Kf5 f3 45. Rxh7+ Kg8 46. Kg6 f2 47. Rg7+ Kf8 48. Rf7+ Ke8 49. Rxf2 g4 50. h4 g3 51. Re2+ Kd8 52. h5 Kc7 53. h6 Rh1 54. Rg2 Kxc6 55. Rxg3 Kd6 56. h7 Ke7 57. Kg7 1-0

[Event "CCT Play-in Chessable Masters 2024"]
[Site "Online"]
[Date "2024.01.31"]
[Round "5"]
[White "Sadhwani, Raunak"]
[Black "Drygalov, Sergey"]
[Result "0-1"]
[WhiteElo "2654"]
[BlackElo "2547"]
[Annotator "TA"]
[PlyCount "68"]
[EventDate "2024.01.26"]
[EventType "swiss"]
[EventCountry "NET"]
[SourceTitle "playchess.com"]
[Source "ChessBase"]
[SourceQuality "1"]

1. e4 c5 2. Nf3 d6 3. Bb5+ Nd7 4. O-O a6 5. Be2 Ngf6 6. d3 e6 7. a4 b6 8. Nfd2 Bb7 9. f4 Be7 10. Bf3 Qc7 11. g4 h6 12. Nc3 g5 13. Nc4 d5 14. exd5 exd5 15. Ne3 d4 16. Ncd5 Nxd5 17. Nxd5 Bxd5 18. Bxd5 O-O-O 19. Qf3 Bd6 20. Bc4 Nb8 21. h3 Nc6 22. Bxa6+ Kb8 23. Bb5 Nb4 24. a5 bxa5 25. Ba4 h5 26. c3 hxg4 27. hxg4 Nxd3 28. Qxd3 c4 29. Qf3 Bc5 30. Kg2 dxc3 31. bxc3 Rd3 32. Rb1+ Ka7 33. Qc6 Qe7 34. Re1 Rg3+ 0-1

[Event "CCT Play-in Chessable Masters 2024"]
[Site "Online"]
[Date "2024.01.31"]
[Round "5"]
[White "Mamedov, Rauf"]
[Black "Micki-taryan"]
[Result "1/2-1/2"]
[WhiteElo "2651"]
[BlackElo "2613"]
[Annotator "RC"]
[PlyCount "73"]
[EventDate "2024.01.26"]
[EventType "swiss"]
[EventCountry "NET"]
[SourceTitle "playchess.com"]
[Source "ChessBase"]
[SourceQuality "1"]

1. e4 e5 2. Nf3 Nc6 3. Bc4 Nf6 4. d3 Be7 5. Nc3 d6 6. a4 O-O 7. O-O Be6 8. Nd5 Bxd5 9. exd5 Nb4 10. d4 Re8 11. dxe5 dxe5 12. Nxe5 Bd6 13. Nf3 Nbxd5 14. Bg5 Qd7 15. a5 h6 16. Bh4 c6 17. Bxd5 Nxd5 18. c4 Nf4 19. Bg3 Ne2+ 20. Kh1 Nxg3+ 21. fxg3 Rad8 22. Qa4 a6 23. b4 Qg4 24. Qb3 Re6 25. b5 cxb5 26. cxb5 Be7 27. Rab1 Bf6 28. Rbe1 Rxe1 29. Rxe1 axb5 30. Qxb5 Qd7 31. Qxd7 Rxd7 32. Re8+ Kh7 33. h4 Rd8 34. Re3 Ra8 35. Rb3 Ra7 36. Nd2 Rxa5 37. Rxb7 1/2-1/2

[Event "CCT Play-in Chessable Masters 2024"]
[Site "Online"]
[Date "2024.01.31"]
[Round "5"]
[White "Shevchenko, Kirill"]
[Black "Neiksans, Arturs"]
[Result "1-0"]
[WhiteElo "2651"]
[BlackElo "2588"]
[Annotator "RC"]
[PlyCount "179"]
[EventDate "2024.01.26"]
[EventType "swiss"]
[EventCountry "NET"]
[SourceTitle "playchess.com"]
[Source "ChessBase"]
[SourceQuality "1"]

1. e4 c5 2. c3 Nf6 3. e5 Nd5 4. Nf3 d6 5. d4 cxd4 6. cxd4 dxe5 7. dxe5 Nc6 8. Bc4 Ndb4 9. O-O Qxd1 10. Rxd1 Bg4 11. Nc3 Bxf3 12. gxf3 Nxe5 13. Bb5+ Nbc6 14. f4 Nd7 15. Be3 e6 16. Rac1 Rc8 17. Bxa7 Be7 18. Ne4 Nf6 19. Nd6+ Bxd6 20. Rxd6 Nd5 21. f5 Ke7 22. Bc5 Kf6 23. fxe6 fxe6 24. Rd1 Nf4 25. Rd7 b6 26. Be3 g5 27. R7d6 Ne5 28. Rxb6 Nf3+ 29. Kh1 Rhd8 30. Bd7 Rc7 31. Rbd6 Ke7 32. Bxf4 gxf4 33. Rxe6+ Kf7 34. Red6 Ke7 35. Re6+ Kf7 36. Re4 Ng5 37. Red4 Ke7 38. Re1+ Kf6 39. Rxf4+ Kg7 40. Rg1 h6 41. h4 Rdxd7 42. hxg5 h5 43. g6 Rd2 44. b4 Rxa2 45. Rg5 Rb2 46. Kg2 Rb7 47. Rxh5 R2xb4 48. Rxb4 Rxb4 49. Rg5 Rb7 50. Kg3 Rb4 51. Rg4 Rb5 52. f3 Ra5 53. Kf4 Rb5 54. Kg3 Ra5 55. Kh3 Rh5+ 56. Kg2 Ra5 57. Rg3 Rb5 58. f4 Ra5 59. Kh3 Rb5 60. Kh4 Ra5 61. Rg5 Ra1 62. f5 Kf6 63. Rh5 Rg1 64. Kh3 Rh1+ 65. Kg4 Rg1+ 66. Kf4 Rf1+ 67. Ke4 Re1+ 68. Kd5 Rd1+ 69. Kc6 Rc1+ 70. Kd7 Rd1+ 71. Ke8 Ra1 72. Kd7 Rd1+ 73. Kc6 Rc1+ 74. Kb5 Rg1 75. Kc4 Re1 76. Kd3 Re8 77. Kd4 Re1 78. Kc5 Re2 79. Kd6 Re1 80. Rh8 Rd1+ 81. Kc5 Rc1+ 82. Kd5 Rd1+ 83. Kc4 Rg1 84. Rf8+ Kg7 85. Rf7+ Kh6 86. Kd5 Ra1 87. Rh7+ Kg5 88. g7 Ra5+ 89. Kc4 Ra4+ 90. Kb5 1-0

[Event "CCT Play-in Chessable Masters 2024"]
[Site "Online"]
[Date "2024.01.31"]
[Round "5"]
[White "Donchenko, Alexander"]
[Black "Saric, Ivan"]
[Result "0-1"]
[WhiteElo "2643"]
[BlackElo "2689"]
[Annotator "TA"]
[PlyCount "62"]
[EventDate "2024.01.26"]
[EventType "swiss"]
[EventCountry "NET"]
[SourceTitle "playchess.com"]
[Source "ChessBase"]
[SourceQuality "1"]

1. Nf3 d5 2. d4 Nf6 3. c4 e6 4. g3 Bb4+ 5. Bd2 a5 6. Bg2 O-O 7. Qc1 Nbd7 8. O-O c6 9. Bf4 Be7 10. Rd1 h6 11. b3 Ne4 12. Nc3 f5 13. Ne5 Nxe5 14. Bxe5 Bd6 15. f3 Nxc3 16. Qxc3 Bxe5 17. dxe5 f4 18. e4 Qg5 19. exd5 exd5 20. cxd5 fxg3 21. dxc6 gxh2+ 22. Kh1 bxc6 23. Qc4+ Kh8 24. Re1 Ra7 25. Rad1 Re7 26. e6 Qf5 27. Rd6 Rfe8 28. Qxc6 Bxe6 29. Qe4 Bd7 30. Qxe7 Rxe7 31. Rxe7 Qc5 0-1

[Event "CCT Play-in Chessable Masters 2024"]
[Site "Online"]
[Date "2024.01.31"]
[Round "5"]
[White "Lagarde, Maxime"]
[Black "Sanal, Vahap"]
[Result "0-1"]
[WhiteElo "2642"]
[BlackElo "2567"]
[Annotator "RC"]
[PlyCount "54"]
[EventDate "2024.01.26"]
[EventType "swiss"]
[EventCountry "NET"]
[SourceTitle "playchess.com"]
[Source "ChessBase"]
[SourceQuality "1"]

1. c4 c6 2. Nf3 d5 3. b3 Nf6 4. Bb2 Bg4 5. Ne5 Bf5 6. e3 Nbd7 7. cxd5 cxd5 8. Bb5 a6 9. Bxd7+ Nxd7 10. Nxd7 Qxd7 11. O-O e6 12. Qf3 Bd6 13. Nc3 h5 14. Qe2 Rc8 15. Rac1 f6 16. d3 Bg6 17. e4 O-O 18. exd5 exd5 19. Qf3 Be5 20. Na4 Qd6 21. Qh3 Rxc1 22. Rxc1 Bxb2 23. Nxb2 Qa3 24. Rc2 Qxa2 25. Rd2 Re8 26. g3 Qb1+ 27. Kg2 Qc1 0-1

[Event "CCT Play-in Chessable Masters 2024"]
[Site "Online"]
[Date "2024.01.31"]
[Round "5"]
[White "Melkumyan, Hrant"]
[Black "Hakobyan, Aram"]
[Result "0-1"]
[WhiteElo "2640"]
[BlackElo "2616"]
[Annotator "RC"]
[PlyCount "116"]
[EventDate "2024.01.26"]
[EventType "swiss"]
[EventCountry "NET"]
[SourceTitle "playchess.com"]
[Source "ChessBase"]
[SourceQuality "1"]

1. Nf3 d5 2. d4 Nf6 3. c4 e6 4. Nc3 Nbd7 5. Qc2 Bb4 6. cxd5 exd5 7. Bg5 h6 8. Bh4 g5 9. Bg3 Ne4 10. Nd2 Nxg3 11. hxg3 Nb6 12. e3 Be6 13. Bd3 c6 14. O-O-O Qe7 15. Kb1 O-O-O 16. Rc1 Kb8 17. a3 Bd6 18. Na4 Nxa4 19. Qxa4 h5 20. Nb3 h4 21. gxh4 gxh4 22. Na5 Rc8 23. Rc3 Rc7 24. Rhc1 Ka8 25. Ka1 Bd7 26. Qc2 Rg8 27. Bf1 Rgc8 28. Nb3 f5 29. f4 Qf6 30. Nc5 Be8 31. Nd3 Kb8 32. Qf2 Qe7 33. Be2 Bf7 34. Bf3 Re8 35. Ne5 Be6 36. Rh1 Bxe5 37. fxe5 Rh8 38. Rcc1 c5 39. Rxc5 Rxc5 40. dxc5 Qxc5 41. Qd2 Rc8 42. Qd4 Qa5 43. Qxh4 a6 44. Qe7 Qb6 45. Qb4 Qc7 46. Qd4 Qa5 47. Rd1 Rc4 48. Qd2 Qxd2 49. Rxd2 Rc1+ 50. Ka2 d4+ 51. b3 dxe3 52. Rd6 Rf1 53. Bh5 Bf7 54. Bd1 Rf2+ 55. Kb1 e2 56. Bxe2 Rxe2 57. Rf6 Bxb3 58. Kc1 Rxe5 0-1

[Event "CCT Play-in Chessable Masters 2024"]
[Site "Online"]
[Date "2024.01.31"]
[Round "5"]
[White "Fressinet, Laurent"]
[Black "Sethu Madhav Upadhyayula"]
[Result "1/2-1/2"]
[WhiteElo "2637"]
[BlackElo "1502"]
[Annotator "RC"]
[PlyCount "87"]
[EventDate "2024.01.26"]
[EventType "swiss"]
[EventCountry "NET"]
[SourceTitle "playchess.com"]
[Source "ChessBase"]
[SourceQuality "1"]

1. d4 d5 2. Nf3 Nf6 3. c4 e6 4. Nc3 Nbd7 5. Bg5 Be7 6. e3 h6 7. Bh4 c5 8. dxc5 dxc4 9. Bxc4 Nxc5 10. Qxd8+ Bxd8 11. O-O O-O 12. Rfd1 Be7 13. Nd4 Bd7 14. Rac1 Rac8 15. Be2 g5 16. Bg3 Nce4 17. Nxe4 Nxe4 18. Be5 f6 19. Bg3 Nxg3 20. hxg3 Rxc1 21. Rxc1 Rc8 22. Rxc8+ Bxc8 23. Bc4 Kf7 24. Kf1 Bc5 25. Ke2 Bd7 26. Kd2 h5 27. Bb5 Bxd4 28. Bxd7 Bxb2 29. Bc8 b6 30. Ba6 Ke7 31. Be2 g4 32. Bb5 f5 33. Ke2 Bf6 34. Kd3 h4 35. gxh4 Bxh4 36. g3 Bf6 37. e4 Be5 38. exf5 exf5 39. Ke2 Bd4 40. Kf1 a5 41. Kg2 Kd6 42. f3 gxf3+ 43. Kxf3 Ke5 44. a4 1/2-1/2

[Event "CCT Play-in Chessable Masters 2024"]
[Site "Online"]
[Date "2024.01.31"]
[Round "5"]
[White "Bortnyk, Oleksandr"]
[Black "Sivuk, Vitaly"]
[Result "1-0"]
[WhiteElo "2628"]
[BlackElo "2502"]
[Annotator "RC"]
[PlyCount "191"]
[EventDate "2024.01.26"]
[EventType "swiss"]
[EventCountry "NET"]
[SourceTitle "playchess.com"]
[Source "ChessBase"]
[SourceQuality "1"]

1. e4 e5 2. Nf3 Nc6 3. Bb5 a6 4. Ba4 Nf6 5. Nc3 Be7 6. d3 b5 7. Bb3 d6 8. Nd5 Na5 9. Nxe7 Qxe7 10. h3 h6 11. O-O O-O 12. Bd2 Nxb3 13. axb3 c5 14. b4 c4 15. Re1 Be6 16. d4 Bc8 17. dxe5 dxe5 18. Bc3 Bb7 19. Nxe5 Rad8 20. Qf3 Nxe4 21. Rxe4 f5 22. Qg3 fxe4 23. Ng6 Qg5 24. Qxg5 hxg5 25. Nxf8 Kxf8 26. Kf1 Kf7 27. Ke2 g6 28. Bd2 Kf6 29. Ra3 Rd5 30. Re3 Rf5 31. Rg3 Rd5 32. Rg4 Rf5 33. Be3 Bc6 34. Bb6 Ke7 35. h4 gxh4 36. Rxg6 Kd7 37. Be3 Rh5 38. Bf4 Bd5 39. Rxa6 Bc6 40. Ra7+ Ke6 41. Rc7 Bd7 42. Ke3 h3 43. gxh3 Rxh3+ 44. Kxe4 Rh1 45. Rc5 Re1+ 46. Be3 Kd6 47. Kd4 Bc6 48. Rg5 Rd1+ 49. Kc3 Rd5 50. Rg7 Rd1 51. Bf4+ Ke6 52. Rg6+ Kd7 53. Be3 Rd5 54. f4 Rd1 55. Rg7+ Ke6 56. Bc5 Be4 57. Re7+ Kf5 58. Be3 Rd5 59. Re8 Bf3 60. b3 cxb3 61. Kxb3 Be2 62. Kc3 Bc4 63. Bc5 Bf1 64. Bd4 Bc4 65. Be5 Ke4 66. Bb8+ Kf5 67. Rf8+ Ke4 68. Rh8 Kf5 69. Rh1 Ke4 70. Re1+ Kf5 71. Bc7 Ba2 72. Rf1 Bc4 73. Rf2 Ba2 74. Be5 Bc4 75. Kb2 Ke4 76. Kc1 Kf5 77. c3 Ke4 78. Bd4 Kf5 79. Kd2 Ke4 80. Kc2 Rh5 81. Be5 Rh1 82. Rd2 Rf1 83. Rd4+ Kf5 84. Rd8 Rf2+ 85. Kc1 Ke4 86. Kd1 Bd3 87. Kc1 Rf1+ 88. Kb2 Rf2+ 89. Ka3 Bc4 90. Rd4+ Kf5 91. Rxc4 bxc4 92. b5 Ke4 93. b6 Rf1 94. b7 Rb1 95. b8=Q Rxb8 96. Bxb8 1-0

[Event "CCT Play-in Chessable Masters 2024"]
[Site "Online"]
[Date "2024.01.31"]
[Round "5"]
[White "Durarbayli, Vasif"]
[Black "Tari, Aryan"]
[Result "1-0"]
[WhiteElo "2627"]
[BlackElo "2623"]
[Annotator "RC"]
[PlyCount "59"]
[EventDate "2024.01.26"]
[EventType "swiss"]
[EventCountry "NET"]
[SourceTitle "playchess.com"]
[Source "ChessBase"]
[SourceQuality "1"]

1. e4 e5 2. Nf3 Nc6 3. d4 exd4 4. Nxd4 Nf6 5. Nxc6 bxc6 6. e5 Qe7 7. Qe2 Nd5 8. h4 d6 9. exd6 cxd6 10. g3 Bf5 11. Na3 Nb4 12. Be3 Be4 13. Rh2 d5 14. f3 Bf5 15. g4 Bc8 16. c3 Na6 17. Nc2 Nc7 18. O-O-O Be6 19. f4 Bd7 20. Re1 Kd8 21. f5 f6 22. h5 h6 23. Qd2 Qe4 24. Nd4 Bd6 25. Rg2 c5 26. Bxh6 cxd4 27. Rxe4 dxe4 28. Bxg7 Nd5 29. Qxd4 Bf4+ 30. Kb1 1-0

[Event "CCT Play-in Chessable Masters 2024"]
[Site "Online"]
[Date "2024.01.31"]
[Round "5"]
[White "Mishra, Abhimanyu"]
[Black "Dronavalli, Harika"]
[Result "1-0"]
[WhiteElo "2627"]
[BlackElo "2500"]
[Annotator "RC"]
[PlyCount "119"]
[EventDate "2024.01.26"]
[EventType "swiss"]
[EventCountry "NET"]
[SourceTitle "playchess.com"]
[Source "ChessBase"]
[SourceQuality "1"]

1. e4 e5 2. Nf3 Nc6 3. Bc4 d6 4. c3 f5 5. d3 f4 6. b4 Qf6 7. h4 Be6 8. Bxe6 Qxe6 9. b5 Nd8 10. c4 Nf7 11. Nc3 Nf6 12. Qe2 Be7 13. Bb2 c5 14. bxc6 bxc6 15. d4 O-O 16. d5 cxd5 17. cxd5 Qg4 18. O-O Rab8 19. Ba3 Nh5 20. Nb5 Rb7 21. Rfc1 Qd7 22. Rc6 Rfb8 23. Nc3 g6 24. Rc1 Qg4 25. Qa6 Bxh4 26. Bxd6 Nxd6 27. Rxd6 Bxf2+ 28. Kxf2 Rb2+ 29. Ne2 Ng3 30. Nfg1 Nxe4+ 31. Kf1 Nxd6 32. Qxd6 Rb1 33. Qxe5 Rxc1+ 34. Nxc1 Rb1 35. Nge2 f3 36. Qe8+ Kg7 37. Qe7+ Kg8 38. Qd8+ Kg7 39. Qc7+ Kg8 40. Qd8+ Kg7 41. gxf3 Qxf3+ 42. Ke1 Qe3 43. Qc7+ Kg8 44. d6 Qe4 45. Qc8+ Kg7 46. Qc3+ Kg8 47. d7 Qh4+ 48. Kd1 Rb8 49. Qc8+ Qd8 50. Qc6 Rb6 51. Qd5+ Kg7 52. Nd3 a6 53. Nd4 Rf6 54. Ne6+ Rxe6 55. Qxe6 h5 56. Qe8 Qb6 57. Qe7+ Kh6 58. d8=Q Qb1+ 59. Nc1 Qf5 60. Qh8# 1-0

[Event "CCT Play-in Chessable Masters 2024"]
[Site "Online"]
[Date "2024.01.31"]
[Round "5"]
[White "Petrosyan, Manuel"]
[Black "crescentmoon"]
[Result "0-1"]
[WhiteElo "2627"]
[BlackElo "2643"]
[Annotator "RC"]
[PlyCount "80"]
[EventDate "2024.01.26"]
[EventType "swiss"]
[EventCountry "NET"]
[SourceTitle "playchess.com"]
[Source "ChessBase"]
[SourceQuality "1"]

1. e4 c5 2. Nf3 Nc6 3. Bb5 e6 4. O-O Nge7 5. Re1 a6 6. Bf1 Ng6 7. c3 Be7 8. d4 cxd4 9. cxd4 d5 10. e5 O-O 11. Nc3 f6 12. exf6 Bxf6 13. Be3 Nh4 14. Nxh4 Bxh4 15. g3 Bg5 16. Qd2 Bxe3 17. Qxe3 e5 18. Ne2 e4 19. Bg2 Bg4 20. Nf4 g5 21. Ne2 Bf3 22. h4 h6 23. Qb3 Bxe2 24. Bxe4 Nxd4 25. Qxd5+ Qxd5 26. Bxd5+ Kg7 27. Rec1 Nc6 28. hxg5 hxg5 29. Rc5 g4 30. Rac1 Rad8 31. Be4 Rf6 32. Rg5+ Kf8 33. Bd5 Rfd6 34. Rc5 Rh6 35. Rc3 Ne7 36. Re3 Nxd5 37. Rxe2 Nf6 38. Re1 Kf7 39. Rc5 Rdh8 40. Rc7+ Kg6 0-1

[Event "CCT Play-in Chessable Masters 2024"]
[Site "Online"]
[Date "2024.01.31"]
[Round "5"]
[White "tptagain"]
[Black "Caruana, Fabiano"]
[Result "1-0"]
[WhiteElo "2616"]
[BlackElo "2804"]
[Annotator "TA"]
[PlyCount "113"]
[EventDate "2024.01.26"]
[EventType "swiss"]
[EventCountry "NET"]
[SourceTitle "playchess.com"]
[Source "ChessBase"]
[SourceQuality "1"]

1. e4 c5 2. Nf3 Nc6 3. Bb5 g6 4. Bxc6 dxc6 5. d3 Bg7 6. h3 e5 7. a4 Qe7 8. a5 Nf6 9. O-O O-O 10. Be3 Nh5 11. Nbd2 Nf4 12. Nc4 f6 13. Qd2 g5 14. Rfe1 Be6 15. Nh2 h5 16. Nf1 Rfd8 17. Qc3 Bf8 18. Bd2 Qf7 19. Nce3 b5 20. axb6 axb6 21. b3 Rxa1 22. Qxa1 b5 23. Nf5 Bxf5 24. exf5 c4 25. bxc4 bxc4 26. Qa5 Rd7 27. Qa6 cxd3 28. Bxf4 gxf4 29. cxd3 Bb4 30. Rc1 c5 31. Nh2 Kg7 32. Nf3 Qd5 33. Qb6 Qd6 34. Qb5 Qxd3 35. Qb8 Rd8 36. Qb6 Qd6 37. Qb7+ Qd7 38. Qb6 Qd6 39. Qb7+ Rd7 40. Qc8 Qe7 41. Nh4 Rd8 42. Qc6 Qe8 43. Qf3 Kh6 44. Ng6 Qd7 45. Nh4 Qd5 46. Qe2 e4 47. Qa6 Qd6 48. Qb7 Qd7 49. Qb6 Qe7 50. Ng6 Qd6 51. Qb7 e3 52. fxe3 fxe3 53. Qf7 e2 54. Nh4 Rg8 55. Qxg8 Qd1+ 56. Kh2 Qd6+ 57. g3 1-0

[Event "CCT Play-in Chessable Masters 2024"]
[Site "Online"]
[Date "2024.01.31"]
[Round "5"]
[White "Santos Latasa, Jaime"]
[Black "Sam_ChessMood"]
[Result "1/2-1/2"]
[WhiteElo "2615"]
[BlackElo "2611"]
[Annotator "RC"]
[PlyCount "164"]
[EventDate "2024.01.26"]
[EventType "swiss"]
[EventCountry "NET"]
[SourceTitle "playchess.com"]
[Source "ChessBase"]
[SourceQuality "1"]

1. d4 Nf6 2. c4 e6 3. Nc3 Bb4 4. Qc2 d5 5. a3 Bxc3+ 6. Qxc3 O-O 7. Bg5 h6 8. Bxf6 Qxf6 9. Nf3 dxc4 10. Qxc4 Nc6 11. Qc3 Re8 12. Rd1 e5 13. d5 Nb8 14. e3 c6 15. Be2 Bg4 16. O-O cxd5 17. Rxd5 Nc6 18. h3 Bf5 19. Rc1 Rad8 20. Rc5 Be6 21. Nxe5 Nxe5 22. Qxe5 Qxe5 23. Rxe5 Rd2 24. Bf3 Rxb2 25. Rc7 Rb8 26. Bg4 Ba2 27. Bc8 Kf8 28. a4 Rb6 29. Rec5 Rb1+ 30. Kh2 Rb2 31. Kg3 b6 32. Rb5 Rd2 33. Ba6 Ra8 34. a5 bxa5 35. Rxa5 Be6 36. Bb7 Rad8 37. Rxa7 R2d7 38. Be4 Rxc7 39. Rxc7 Rd7 40. Rc5 Ke7 41. h4 Kf6 42. h5 Ra7 43. f4 Ra1 44. Bf3 Ke7 45. e4 f6 46. Rc7+ Kf8 47. Kf2 Ra3 48. Ke2 Bf7 49. Kd2 Ra2+ 50. Ke3 Ra3+ 51. Kd4 Ra4+ 52. Ke3 Ra3+ 53. Kf2 Ra2+ 54. Kg3 Ra3 55. Kg4 Be6+ 56. f5 Bf7 57. Kf4 Ra4 58. g4 Rb4 59. Be2 Bd5 60. Bd3 Bf7 61. Ke3 Ra4 62. Kd2 Rd4 63. Kc3 Rd8 64. Bc2 Re8 65. Kd4 Rd8+ 66. Ke3 Re8 67. Rc5 Ra8 68. e5 fxe5 69. Rxe5 Re8 70. Kf4 Rxe5 71. Kxe5 Ke7 72. Be4 Bb3 73. Bf3 Bc4 74. Bd1 Ba2 75. Bc2 Bc4 76. Be4 Be2 77. Kf4 Kf6 78. Bf3 Bc4 79. Be4 Bb3 80. Bf3 Bc4 81. Be4 Bb3 82. Bf3 Bc4 1/2-1/2

[Event "CCT Play-in Chessable Masters 2024"]
[Site "Online"]
[Date "2024.01.31"]
[Round "5"]
[White "Paravyan, David"]
[Black "stSecond"]
[Result "1-0"]
[WhiteElo "2612"]
[BlackElo "2549"]
[Annotator "RC"]
[PlyCount "53"]
[EventDate "2024.01.26"]
[EventType "swiss"]
[EventCountry "NET"]
[SourceTitle "playchess.com"]
[Source "ChessBase"]
[SourceQuality "1"]

1. e4 c5 2. Nf3 Nc6 3. Nc3 Nf6 4. Bb5 Nd4 5. e5 Nxb5 6. Nxb5 Nd5 7. c4 Nc7 8. a4 a6 9. Nxc7+ Qxc7 10. O-O g6 11. d4 cxd4 12. Qxd4 Bg7 13. Bg5 d6 14. exd6 Bxd4 15. dxc7 Bxb2 16. Rad1 Bf5 17. Be3 Rc8 18. Bb6 O-O 19. Rd8 Bf6 20. Rfd1 e5 21. R1d6 Be6 22. c5 Kg7 23. a5 g5 24. Nd2 Be7 25. Ne4 Bxd6 26. Nxd6 Kf6 27. Nxc8 1-0

[Event "CCT Play-in Chessable Masters 2024"]
[Site "Online"]
[Date "2024.01.31"]
[Round "5"]
[White "Martinez Alcantara, Jose Eduardo"]
[Black "Ponkratov, Pavel"]
[Result "1-0"]
[WhiteElo "2610"]
[BlackElo "2614"]
[Annotator "RC"]
[PlyCount "73"]
[EventDate "2024.01.26"]
[EventType "swiss"]
[EventCountry "NET"]
[SourceTitle "playchess.com"]
[Source "ChessBase"]
[SourceQuality "1"]

1. e4 e6 2. d4 d5 3. exd5 exd5 4. Nf3 Nc6 5. h3 Bd6 6. c4 Nf6 7. c5 Be7 8. Bb5 Bd7 9. O-O O-O 10. Nc3 b6 11. cxb6 axb6 12. Re1 Bb4 13. Bg5 Bxc3 14. bxc3 h6 15. Bh4 Nb8 16. Bd3 Ba4 17. Qd2 Qd6 18. Bg3 Qd8 19. Qf4 Ra7 20. Bh4 Qd6 21. Qxd6 cxd6 22. Bxf6 gxf6 23. Rab1 Nd7 24. Nh4 Rc8 25. Re3 Kf8 26. Rbe1 Rac7 27. Nf5 Rxc3 28. Nxd6 Ra8 29. g4 Nb8 30. Re7 Rxd3 31. Rxf7+ Kg8 32. Ree7 Bd7 33. Rg7+ Kh8 34. Rh7+ Kg8 35. Reg7+ Kf8 36. Rg6 Rxh3 37. Rf7# 1-0